Largest Cities in Germany with hints - Statistics

General Stats
  • This quiz has been taken 14 times
  • The average score is 16 of 20
Answer Stats
Hint Answer % Correct
Home to the Museum Island Berlin
100%
Financial capital of Germany Frankfurt am Main
100%
A name of a popular fast food is derived from this city's name Hamburg
100%
Oktoberfest is a popular event here Munich
100%
Capital of West Germany from 1949 to 1990 Bonn
92%
Home of one of the most recognizable cathedrals in the world Cologne
92%
Known for its football club Dortmund
92%
Most known for being destroyed. It is and was the capital of the Saxony Dresden
92%
Mercedes-Benz and Porsche are based here Stuttgart
92%
Central city of the Ruhr agglometation Düsseldorf
85%
May or may not exist Bielefeld
77%
Despite the fairy tale's name, the town musicians did not reach this city Bremen
77%
Its former coal mine (Zollverein) is a UNESCO World Heritage Site Essen
77%
World Expo 2000 was held here Hannover
77%
Known for rallies, laws and trails Nuremberg
77%
Famous for its zoo Leipzig
69%
Has the world's largest inland port Duisburg
54%
Has the oldest suspension railway still operating. Besides Germany this form of transport is only in Japan and China Wuppertal
54%
First university opened in Germany after WW2 Bochum
46%
The Anabaptist Rebellion happened here. It resembled a form of socialism, but it was over 300 years before Marx wrote the "Communist Manifesto" Münster
38%
No matching quizzes found
Score Distribution
Percent of People with Each Score
Percentile by Number Answered
Your Score History
You have not taken this quiz